MARC

LEADER 00000nam0a2200000 4500
001 243207
005 20231031210357.0
035 |a (RuTPU)RU\TPU\book\264545 
090 |a 243207 
100 |a 20130920d1990 k y0rusy50 ca 
101 0 |a rus 
102 |a RU 
105 |a a z 001zy 
200 1 |a Прикладные проблемы информатики  |e сборник статей  |h Вып. 2  |f Академия наук СССР (АН СССР) ; под ред. К. М. Жамагорцяна 
210 |a Казань  |c Казанский научный центр  |d 1990 
215 |a 112 с.  |c ил. 
320 |a Библиография в конце глав. 
606 1 |a Информатика  |2 stltpush  |3 (RuTPU)RU\TPU\subj\36202 
610 1 |a проблемы 
610 1 |a аппаратно-программные системы 
610 1 |a проектирование 
610 1 |a автоматизация 
610 1 |a многомашинные системы 
610 1 |a аппаратно-программные средства 
610 1 |a математическое моделирование 
610 1 |a методы 
675 |a 681.3.01  |v 3 
702 1 |a Жамагорцян  |b К. М.  |4 340 
712 0 2 |a Академия наук СССР (АН СССР)  |2 stltpush  |3 (RuTPU)RU\TPU\col\722 
801 1 |a RU  |b 63413507  |c 20130920 
801 2 |a RU  |b 63413507  |c 20131003  |g RCR 
942 |c BK